[Event "Shorman Sunday Night Marathon"]
[Site "?"]
[Date "2007.12.16"]
[Round "2"]
[White "Sowell, Nelson"]
[Black "Karp, Richard"]
[Result "1-0"]
[WhiteElo "1600"]
[BlackElo "1900"]
[PlyCount "123"]
[EventDate "2007.12.09"]
[SourceDate "2007.10.22"]

1. d4 Nf6 2. c4 e5 3. dxe5 Ng4 4. Bf4 Nc6 5. Nf3 Bb4+ 6. Nc3 Qe7 7. Qd5 Bxc3+
8. bxc3 Qa3 9. Qd3 Qe7 10. Qd5 f6 11. exf6 Nxf6 12. Qd3 d6 13. e3 O-O 14. Be2
b6 15. O-O Ba6 16. Bg5 Na5 17. Bxf6 Qxf6 18. Nd2 Rae8 19. Bf3 c6 20. Bxc6 Nxc6
21. Qd5+ Kh8 22. Qxc6 Qxc3 23. Nf3 Rc8 24. Qxd6 Qxc4 25. h3 Qe4 26. Rfc1 Rcd8
27. Qe5 Qg6 28. Qg5 Qf7 29. Qg3 Qf6 30. Rab1 Bd3 31. Rb4 Bg6 32. Rf4 Qb2 33.
Rxf8+ Rxf8 34. Rc7 Qxa2 35. h4 Qa1+ 36. Kh2 a5 37. h5 Bxh5 38. Nd4 Bg6 39. Qd6
Rg8 40. Qxb6 a4 41. Ra7 Qa2 42. Kg3 Qd5 43. Ra5 Qc4 44. Qb5 Qc7+ 45. f4 Be8 46.
Qe5 Qxe5 47. fxe5 Rf8 48. e6 g6 49. Ra7 Rg8 50. Kf4 Rg7 51. Ra8 Re7 52. Ke5 Kg7
53. g4 h5 54. gxh5 gxh5 55. Nf5+ Kf8 56. Nxe7 Kxe7 57. Ra7+ Kd8 58. Kf6 Bc6 59.
e7+ Kc8 60. Kf7 h4 61. e8=Q+ Bxe8+ 62. Kxe8 1-0

[Event "Berkeley CC Christiansen FNM; 30/90, SD/"]
[Site "Berkeley"]
[Date "2012.06.15"]
[Round "6.8"]
[White "Sowell, Nelson M"]
[Black "Korts, David"]
[Result "1-0"]
[WhiteElo "1750"]
[BlackElo "1659"]
[PlyCount "53"]
[EventDate "2012.??.??"]

1. d4 Nf6 2. c4 e6 3. a3 d5 4. Nf3 c5 5. e3 Nc6 6. Nc3 Be7 7. Be2 O-O 8. O-O a6
9. cxd5 exd5 10. Qc2 Bg4 11. Rd1 c4 12. Ne5 Bxe2 13. Qxe2 Qc7 14. f4 Rad8 15.
e4 Nxd4 16. Rxd4 Bc5 17. Be3 Bxd4 18. Bxd4 dxe4 19. Qf2 Nd5 20. Nxe4 f6 21. Nf3
Qxf4 22. Nc5 Rfe8 23. Nxb7 Rd7 24. Nc5 Rde7 25. Qc2 Re2 26. Qxc4 Rxg2+ 27. Kxg2
1-0

[Event "Blackburne Friday Night Marathon"]
[Site "Berkeley"]
[Date "2009.04.17"]
[Round "6.3"]
[White "Sowell, Nelson M"]
[Black "Krasnov, Steven L"]
[Result "1-0"]
[WhiteElo "1720"]
[BlackElo "1941"]
[PlyCount "80"]
[EventDate "2009.??.??"]
[SourceDate "2007.10.22"]

1. d4 Nf6 2. c4 e6 3. Nf3 d5 4. g3 Bb4+ 5. Bd2 Be7 6. Bg2 Nbd7 7. O-O O-O 8.
Qc2 c6 9. Rd1 a5 10. a4 Ne4 11. Be1 f5 12. Nfd2 Bf6 13. Nf1 Re8 14. f3 Nd6 15.
Na3 dxc4 16. Nxc4 Nxc4 17. Qxc4 Qb6 18. Rab1 Kh8 19. Kh1 e5 20. e3 Nf8 21. b3
exd4 22. exd4 Be6 23. Qc3 Nd7 24. Ne3 Qc7 25. Qd3 g6 26. Bc3 Rad8 27. d5 cxd5
28. Rbc1 Qb6 29. f4 d4 30. Bxd4 Qxb3 31. Rc3 Qxa4 32. Bxb7 Qb4 33. Bc6 Bxd4 34.
Qxd4+ Kg8 35. Nd5 Qxd4 36. Rxd4 Kf8 37. Nc7 Rb8 38. Nxe8 Kxe8 39. Rcd3 Rd8 40.
Ra4 Ke7 {after a few more moves, B lost on time} 1-0

[Event "Berkeley CC FNM; 30/90, SD/30"]
[Site "Berkeley"]
[Date "2009.05.15"]
[Round "3.3"]
[White "Sowell, Nelson M"]
[Black "Landrum, Brett"]
[Result "1-0"]
[WhiteElo "1752"]
[BlackElo "1407"]
[PlyCount "117"]
[EventDate "2009.??.??"]
[SourceDate "2007.10.22"]

1. d4 d5 2. c4 dxc4 3. Nf3 Nf6 4. g3 e6 5. Bg2 Be7 6. O-O O-O 7. Qc2 h6 8. Qxc4
Nbd7 9. Nc3 Nb6 10. Qb3 Bd7 11. a4 a5 12. Ne5 c6 13. Rd1 Bb4 14. Ne4 Nfd5 15.
Nc5 Bc8 16. e4 Nc7 17. Be3 Na6 18. Bf1 Nb8 19. Ned3 Bxc5 20. dxc5 N6d7 21. Ne5
Qe7 22. Nd3 Na6 23. Rac1 Nf6 24. f3 Nd7 25. Qc3 Nc7 26. b3 Ne8 27. Nb2 Qf6 28.
Kf2 Qxc3 29. Rxc3 Nc7 30. Nc4 e5 31. Nd6 Nf6 32. Rcd3 Ne6 33. Nxc8 Rfxc8 34.
Bh3 Re8 35. Rd6 Nc7 36. Bf5 Nh7 37. Rd7 Rec8 38. Bxh7+ Kxh7 39. Rxf7 Rab8 40.
Rdd7 Ne6 41. Rxb7 Rxb7 42. Rxb7 Rc7 43. Rxc7 Nxc7 44. Ke2 Kg6 45. Kd3 Na6 46.
Kc4 Kf6 47. Bd2 Nc7 48. Bxa5 Ne6 49. Bc3 Ng5 50. Bxe5+ Kxe5 51. f4+ Kxe4 52.
fxg5 hxg5 53. a5 Kf3 54. a6 Kg2 55. a7 Kxh2 56. g4 Kg3 57. a8=Q Kxg4 58. Qxc6
Kh3 59. Kd3 1-0

[Event "Berkeley CC Capablanca FNM; 30/90, SD/3"]
[Site "Berkeley"]
[Date "2011.09.23"]
[Round "2.12"]
[White "Sowell, Nelson M"]
[Black "Loica, Caius"]
[Result "0-1"]
[WhiteElo "1717"]
[BlackElo "1520"]
[PlyCount "118"]
[EventDate "2011.??.??"]
[SourceDate "2007.10.22"]

1. d4 d5 2. c4 e6 3. Nf3 Nf6 4. g3 c6 5. Qc2 Nbd7 6. Bg2 dxc4 7. Qxc4 Be7 8.
O-O O-O 9. Nc3 Nb6 10. Qb3 Nfd5 11. Rd1 Bf6 12. e4 Nxc3 13. bxc3 g6 14. Ba3 Be7
15. Bc1 Qd6 16. a4 c5 17. a5 Nd7 18. Ba3 Qc6 19. d5 exd5 20. exd5 Qa6 21. Bb2
c4 22. Qa4 Nc5 23. Qa2 Nb3 24. Bf1 Bg4 25. Bxc4 Qxc4 26. Rd4 Nxd4 27. Qxc4
Nxf3+ 28. Kg2 Ne5 29. Qc7 Bf6 30. Qd6 Bf3+ 31. Kf1 Bg7 32. Ra4 Rfd8 33. Qa3
Rxd5 34. Rd4 Nc4 35. Qa2 Bxd4 36. cxd4 Nxb2 37. Qxb2 Rad8 38. Qxb7 R8d7 39.
Qc8+ Kg7 40. Qc3 Be4 41. f3 Bf5 42. g4 Be6 43. Kf2 f6 44. Ke3 Rxd4 45. Qxd4
Rxd4 46. Kxd4 a6 47. h3 g5 48. Ke4 Bd7 49. f4 Kg6 50. f5+ Kf7 51. Kd5 Ke7 52.
Kc5 Bb5 53. Kb6 Kd6 54. Kb7 Kc5 55. Kc7 Bf1 56. Kd7 Bxh3 57. Ke6 Bxg4 58. Kxf6
Bxf5 59. Kxf5 h6 0-1

[Event "BCC Annual Championship"]
[Site "?"]
[Date "2008.10.31"]
[Round "2.4"]
[White "Sowell, Nelson"]
[Black "MacIntyre, Brendan"]
[Result "1-0"]
[WhiteElo "1738"]
[BlackElo "1636"]
[PlyCount "52"]
[EventDate "2008.??.??"]
[SourceDate "2007.10.22"]

1. d4 d5 2. c4 e6 3. Nf3 Nf6 4. g3 dxc4 5. Qa4+ Bd7 6. Qxc4 Bc6 7. Bg2 Nbd7 8.
Nc3 Nb6 9. Qd3 Be7 10. O-O O-O 11. Bg5 Ng4 12. Bf4 Nd5 13. Nxd5 Bxd5 14. Rac1
Bd6 15. Ng5 f5 16. Bxd5 Bxf4 17. Bxe6+ Kh8 18. gxf4 Qf6 19. Bb3 c6 20. h3 Nh6
21. Rc5 Rad8 22. Ne6 Rxd4 23. Qxd4 Qg6+ 24. Ng5 Qh5 25. Rd1 Qxe2 26. Qd8 Re8
1-0

[Event "Berkeley CC De Firmian FNM; 30/90, SD/30"]
[Site "Berkeley"]
[Date "2012.04.13"]
[Round "3.8"]
[White "Sowell, Nelson M"]
[Black "Magganas, Alexande"]
[Result "1-0"]
[WhiteElo "1700"]
[BlackElo "1635"]
[PlyCount "43"]
[EventDate "2012.??.??"]

1. d4 Nf6 2. c4 g6 3. Nf3 Bg7 4. g3 O-O 5. Bg2 c6 6. O-O d5 7. Nbd2 Bg4 8. h3
Bf5 9. Qb3 Qd7 10. g4 dxc4 11. Qxc4 Be6 12. Qc2 Nd5 13. Ne4 Qc7 14. Rd1 Nf4 15.
Bf1 f5 16. Neg5 Bd5 17. e3 fxg4 18. hxg4 Ne6 19. e4 Nxg5 20. Nxg5 Bf7 21. Bc4
Bxc4 22. Qxc4+ 1-0

[Event "Berkeley CC Colle FNM; 30/90, SD/30"]
[Site "Berkeley"]
[Date "2011.07.08"]
[Round "5.9"]
[White "Sowell, Nelson M"]
[Black "Motschenbacher, Von"]
[Result "1/2-1/2"]
[WhiteElo "1729"]
[BlackElo "1697"]
[PlyCount "52"]
[EventDate "2011.??.??"]
[SourceDate "2007.10.22"]

1. d4 e6 2. c4 d5 3. Nf3 c5 4. g3 Nc6 5. cxd5 exd5 6. Bg2 Nf6 7. O-O Be7 8. Nc3
O-O 9. Bg5 cxd4 10. Nxd4 h6 11. Nxc6 bxc6 12. Bf4 Be6 13. Rc1 Rc8 14. Qa4 Qb6
15. a3 Qxb2 16. Qxa7 Qxa3 17. Qe3 Ng4 18. Qd3 Bf6 19. h3 Ne5 20. Bxe5 Bxe5 21.
Rc2 Rfd8 22. Rfc1 c5 23. Qd2 Bxc3 24. Rxc3 Qb4 25. Qc2 c4 26. Rb1 Qa5 1/2-1/2

[Event "Berkeley CS Rubinstein FNM; 30/90, SD/3"]
[Site "Berkeley"]
[Date "2011.08.12"]
[Round "3.5"]
[White "Sowell, Nelson M"]
[Black "Muntean, Tudor"]
[Result "0-1"]
[WhiteElo "1722"]
[BlackElo "1863"]
[PlyCount "114"]
[EventDate "2011.??.??"]
[SourceDate "2007.10.22"]

1. d4 f5 2. c4 Nf6 3. g3 e6 4. Bg2 d5 5. Nf3 c6 6. Qc2 Bd6 7. O-O Ne4 8. Ne1
O-O 9. f3 Nf6 10. Bg5 h6 11. Be3 g5 12. Bf2 Qe8 13. Nd2 f4 14. e4 fxe3 15. Bxe3
Qh5 16. c5 Bc7 17. Nd3 Nbd7 18. Rae1 e5 19. dxe5 Nxe5 20. Nxe5 Bxe5 21. Bf2 Bc7
22. Bd4 Bd8 23. Rf2 Bd7 24. Rfe2 g4 25. Re5 Qf7 26. f4 Ne4 27. Nxe4 dxe4 28.
Qxe4 Bf6 29. Re7 Bxe7 30. Qxe7 Qxe7 31. Rxe7 Rf7 32. Re3 Re8 33. Be5 Bf5 34.
Bf1 Rd7 35. Bc4+ Kh7 36. Rb3 Red8 37. Kf2 Rd2+ 38. Be2 R8d7 39. Bc3 Rc2 40. Kf1
Re7 41. Be5 Rxc5 42. Bd3 Bxd3+ 43. Rxd3 Rd5 44. Rb3 Rd2 45. Kg1 Red7 46. Bc3
Re2 47. Kf1 Rxh2 48. Kg1 Rc2 49. Kf1 Rd1+ 50. Be1 b6 51. Re3 Rxb2 52. Re7+ Kg6
53. Re6+ Kf7 54. f5 Rbb1 55. Re4 Rxe1+ 56. Rxe1 Rxe1+ 57. Kxe1 Kf6 0-1

[Event "Berkeley CC Reti FNM; 30/90, SD/60"]
[Site "Berkeley"]
[Date "2011.05.13"]
[Round "4.7"]
[White "Sowell, Nelson M"]
[Black "Narayanan, Praveen"]
[Result "0-1"]
[WhiteElo "1727"]
[BlackElo "1978"]
[PlyCount "110"]
[EventDate "2011.??.??"]
[SourceDate "2007.10.22"]

1. d4 Nf6 2. c4 e6 3. g3 Be7 4. Nf3 b6 5. Bg2 Bb7 6. O-O Qc8 7. Nc3 Ne4 8. Qc2
Nxc3 9. Qxc3 Be4 10. Bf4 O-O 11. Rac1 Qb7 12. Rfd1 Na6 13. Qe3 Rfe8 14. a3 d6
15. b4 Rad8 16. b5 Nb8 17. c5 dxc5 18. dxc5 Bxc5 19. Qc3 Nd7 20. a4 Nf6 21.
Rxd8 Rxd8 22. Bg5 Nd5 23. Qe5 Bxf3 24. Bxd8 Bxg2 25. e4 Bd6 26. Qd4 Bc5 27. Qc4
Ne3 28. fxe3 Bxe4 29. Kf2 Bg2 30. Qg4 f5 31. Qe2 Bh3 32. Rc4 Bg4 33. Rxg4 fxg4
34. Qxg4 Qd5 35. Bg5 Qd2+ 36. Qe2 Qxe2+ 37. Kxe2 Kf7 38. e4 h6 39. Bf4 Bd6 40.
Kf3 Bxf4 41. gxf4 Ke7 42. Kg4 Kf6 43. h4 Kg6 44. h5+ Kf7 45. e5 g6 46. Kh4 gxh5
47. Kxh5 Kg7 48. Kg4 Kg6 49. f5+ exf5+ 50. Kf4 h5 51. e6 h4 52. e7 Kf7 53. Kf3
Kxe7 54. Kg2 Kf6 55. Kh3 Kg5 0-1

[Event "Berkeley CC Capablanca FNM; 30/90, SD/3"]
[Site "Berkeley"]
[Date "2011.10.07"]
[Round "4.10"]
[White "Sowell, Nelson M"]
[Black "Quadir, Mahiuddin"]
[Result "1-0"]
[WhiteElo "1717"]
[BlackElo "1658"]
[PlyCount "80"]
[EventDate "2011.??.??"]
[SourceDate "2007.10.22"]

1. d4 Nf6 2. c4 e6 3. Nf3 b6 4. g3 Ba6 5. Qc2 Bb7 6. Bg2 c5 7. O-O cxd4 8. Nxd4
Bxg2 9. Kxg2 Be7 10. Rd1 O-O 11. Nc3 Qc7 12. b3 a6 13. Nf3 b5 14. Bf4 d6 15.
Ne4 e5 16. Nxf6+ Bxf6 17. Be3 Nd7 18. Rac1 Be7 19. Qf5 Qb7 20. Kg1 g6 21. Qh3
f5 22. Bg5 Nc5 23. Bxe7 Qxe7 24. Qh4 Qxh4 25. Nxh4 Nb7 26. Rd5 Rac8 27. Ng2
bxc4 28. bxc4 Rc7 29. f4 e4 30. Ne3 Rfc8 31. Rb1 Kf8 32. h3 h5 33. Kf2 Rd8 34.
Rb6 a5 35. a4 Rdd7 36. g4 fxg4 37. hxg4 hxg4 38. Kg3 Rc5 39. Kxg4 Rxd5 40. Nxd5
Nc5 {remainder illegible} 1-0

[Event "BCC Adolf Anderssen Friday Night Marath"]
[Site "Berkeley"]
[Date "2009.01.16"]
[Round "2.5"]
[White "Sowell, Nelson M"]
[Black "Rozenblatt, Daniel"]
[Result "1-0"]
[WhiteElo "1738"]
[BlackElo "1398"]
[PlyCount "116"]
[EventDate "2009.??.??"]
[SourceDate "2007.10.22"]

1. d4 d5 2. c4 c6 3. Nf3 Nf6 4. g3 Bf5 5. Nc3 e6 6. Bg2 Nbd7 7. Qb3 Qb6 8. O-O
dxc4 9. Qxc4 Qb4 10. Qxb4 Bxb4 11. h3 Nd5 12. Nd1 Be7 13. a3 a5 14. Nd2 Bg6 15.
Nc4 N7f6 16. Bd2 a4 17. Ne5 Be4 18. Nc3 Bxg2 19. Kxg2 Nxc3 20. Bxc3 Ne4 21. Be1
f6 22. Nd3 O-O 23. f3 Nd6 24. Bb4 Rf7 25. Bxd6 Bxd6 26. Rfd1 Rd7 27. Rac1 Rc8
28. f4 Be7 29. Kf3 Rxd4 30. Nf2 Rcd8 31. Rxd4 Rxd4 32. Ke3 Rd5 33. Rc4 Bc5+ 34.
Kf3 b5 35. Rc2 Bd4 36. e3 Bc5 37. e4 Rh5 38. g4 Bxf2 39. gxh5 Bd4 40. Ke2 c5
41. Kd3 e5 42. f5 Kf7 43. Rg2 b4 44. axb4 cxb4 45. Kc4 a3 46. bxa3 bxa3 47. Kb3
Bb2 48. Rc2 Ke7 49. Rc7+ Kf8 50. Ra7 Kg8 51. Ra8+ Kf7 52. Rh8 h6 53. Ra8 Ke7
54. Ra7+ Kf8 55. Kc4 Ke8 56. Kd5 Kd8 57. Ke6 Kc8 58. Kf7 Kb8 1-0

[Event "Berkeley CC Ch2011 FNM; 30/90, SD/30"]
[Site "Berkeley"]
[Date "2011.11.11"]
[Round "2.8"]
[White "Sowell, Nelson M"]
[Black "Rumph, Todd F"]
[Result "0-1"]
[WhiteElo "1700"]
[BlackElo "2176"]
[PlyCount "94"]
[EventDate "2011.??.??"]
[SourceDate "2007.10.22"]

1. d4 Nf6 2. c4 e6 3. a3 c5 4. d5 b5 5. dxe6 fxe6 6. cxb5 d5 7. Nf3 Bd6 8. g3
O-O 9. Bg2 Bb7 10. O-O Nbd7 11. Qc2 e5 12. Ng5 Qe7 13. Nc3 e4 14. Nh3 d4 15.
Nd1 Kh8 16. Bg5 h6 17. Nf4 Qf7 18. Bxf6 Nxf6 19. Nh3 Rae8 20. b3 Qh5 21. Kh1 d3
22. exd3 exd3 23. Qxd3 Qxh3 24. f3 Qd7 25. Nf2 Be5 26. Qxd7 Nxd7 27. Rad1 Bd4
28. Ne4 Bxe4 29. fxe4 Ne5 30. Rf5 Rxf5 31. exf5 Ng4 32. Rf1 Re2 33. h3 Ne3 34.
Be4 Be5 35. g4 Nxg4 36. hxg4 Rxe4 37. a4 Bc3 38. Rg1 Re1 39. Rxe1 Bxe1 40. Kg2
Kg8 41. Kf3 Kf7 42. Ke4 Ba5 43. Kd5 Bb6 44. a5 Bxa5 45. Kxc5 Kf6 46. Kd5 Kg5
47. Ke6 Kxg4 0-1

[Event "Berkeley CC Christiansen FNM; 30/90, SD/"]
[Site "Berkeley"]
[Date "2012.06.01"]
[Round "4.5"]
[White "Sowell, Nelson M"]
[Black "Smail, John"]
[Result "1/2-1/2"]
[WhiteElo "1741"]
[BlackElo "1800"]
[PlyCount "91"]
[EventDate "2012.??.??"]

1. d4 f5 2. c4 e6 3. Nf3 Nf6 4. g3 Bb4+ 5. Bd2 Be7 6. Bg2 O-O 7. Qc2 d5 8. O-O
c6 9. Rd1 Ne4 10. Be1 Qe8 11. Ne5 Nd7 12. f3 Nxe5 13. dxe5 Bc5+ 14. Kh1 Nf2+
15. Bxf2 Bxf2 16. e4 Be3 17. exd5 exd5 18. f4 d4 19. c5 g5 20. fxg5 Qxe5 21.
Na3 Be6 22. Nc4 Bxc4 23. Qxc4+ Kh8 24. b4 f4 25. gxf4 Rxf4 26. Rf1 Raf8 27.
Rxf4 Rxf4 28. Rf1 Qxg5 29. Rxf4 Qxf4 30. Qf1 Kg7 31. Qxf4 Bxf4 32. a4 d3 33.
Bf3 Bd2 34. b5 Bb4 35. bxc6 bxc6 36. Bxc6 Bxc5 37. Bb5 d2 38. Be2 Kf6 39. Kg2
Kg5 40. h3 h5 41. Kf3 Kh4 42. Ke4 Kxh3 43. Bxh5 Kg3 44. Kd3 Bb4 45. Kc2 Kf2 46.
Kd1 1/2-1/2

[Event "Purdy FNM; 30/90, SD/30"]
[Site "Berkeley"]
[Date "2010.01.22"]
[Round "3.1"]
[White "Sowell, Nelson M"]
[Black "Smail, John"]
[Result "0-1"]
[WhiteElo "1750"]
[BlackElo "1981"]
[PlyCount "108"]
[EventDate "2010.??.??"]
[SourceDate "2007.10.22"]

1. d4 f5 2. c4 e6 3. g3 Nf6 4. Bg2 Bb4+ 5. Bd2 Be7 6. Nf3 O-O 7. O-O b6 8. Qb3
Bb7 9. Nc3 d6 10. Rfd1 Ne4 11. Be1 Qe8 12. Rac1 Nd7 13. Nb5 Bd8 14. a4 Rf6 15.
Ng5 Qh5 16. Nxe4 fxe4 17. Bd2 Qxe2 18. Be3 Qh5 19. Nc3 d5 20. cxd5 exd5 21.
Nxe4 Re6 22. Nd2 c6 23. Qd3 Nf6 24. Bf3 Ng4 25. Nf1 Rf6 26. Qe2 Rxf3 27. Qxf3
Bc7 28. Qg2 Rf8 29. h3 Nf6 30. g4 Qe8 31. Re1 Qd7 32. Bg5 Ne4 33. Bh4 Ba6 34.
Rcd1 g5 35. Rxe4 dxe4 36. Bxg5 Be2 37. Ne3 Bf3 38. Qf1 Qd6 39. Qc4+ Kh8 40. Nf1
Bxd1 41. Ng3 Rxf2 42. Bh4 Rf3 43. Nf1 Bb3 44. Qe2 Qxd4+ 45. Bf2 Qxf2+ 46. Qxf2
Rxf2 47. Kxf2 Bf4 48. a5 Bc4 49. axb6 axb6 50. Ne3 Bxe3+ 51. Kxe3 Bd5 52. b4
Kg7 53. Kd4 Kf6 54. h4 b5 0-1

[Event "Blackburne Friday Night Marathon"]
[Site "Berkeley"]
[Date "2009.04.03"]
[Round "4.5"]
[White "Sowell, Nelson M"]
[Black "Stoll, Danny"]
[Result "1-0"]
[WhiteElo "1720"]
[BlackElo "1302"]
[PlyCount "65"]
[EventDate "2009.??.??"]
[SourceDate "2007.10.22"]

1. d4 Nf6 2. c4 e6 3. Nf3 Nc6 4. g3 d5 5. Bg2 dxc4 6. O-O Be7 7. Qa4 O-O 8.
Qxc4 Na5 9. Qc2 b6 10. Bd2 Qd5 11. Qxc7 Bd6 12. Qc1 Bb7 13. Nc3 Qf5 14. b3 Rac8
15. Qb2 Rfd8 16. Rac1 Bb4 17. Nh4 Qg4 18. Bxb7 Nxb7 19. e3 Nd6 20. f3 Qh5 21.
e4 Bxc3 22. Rxc3 Nb5 23. Rxc8 Rxc8 24. a4 Nc7 25. Qc1 Nfe8 26. Qc6 Kf8 27. Bb4+
Kg8 28. Qd7 Rb8 29. Bd6 Rb7 30. Bxc7 f6 31. Qxe6+ Kh8 32. g4 Nxc7 33. Qc8+ 1-0

[Event "Berkeley CC Colle FNM; 30/90, SD/30"]
[Site "Berkeley"]
[Date "2011.06.17"]
[Round "2.10"]
[White "Sowell, Nelson M"]
[Black "Wang, Michael J"]
[Result "0-1"]
[WhiteElo "1729"]
[BlackElo "1418"]
[PlyCount "61"]
[EventDate "2011.??.??"]
[SourceDate "2007.10.22"]

1. d4 d5 2. c4 dxc4 3. Nf3 Nf6 4. g3 b5 5. Bg2 Bb7 6. O-O e6 7. Bg5 Be7 8. Bxf6
Bxf6 9. Nc3 b4 10. Na4 Nd7 11. Rc1 Bd5 12. Ne1 Nb6 13. Nc5 Bxg2 14. Nxg2 Qxd4
15. Na6 O-O 16. Nxb4 Qxb2 17. Rb1 Qe5 18. Qc2 a5 19. Nc6 Qd5 20. Nxa5 Qxa5 21.
Nf4 Qxa2 22. Qe4 Rfd8 23. Nh5 Nd5 24. Qg4 Kh8 25. e4 Nc3 26. Rbe1 Qa5 27. f4
Bd4+ 28. Kg2 g6 29. e5 Qd5+ 30. Kh3 gxh5 31. Qxh5 0-1

[Event "Berkeley CC Reti FNM; 30/90, SD/60"]
[Site "Berkeley CA"]
[Date "2011.04.29"]
[Round "2.2"]
[White "Sowell, Nelson M"]
[Black "Watson, Farid Mark"]
[Result "0-1"]
[WhiteElo "1727"]
[BlackElo "2016"]
[PlyCount "122"]
[EventDate "2011.??.??"]
[SourceDate "2007.10.22"]

1. d4 g6 2. c4 Bg7 3. g3 c5 4. d5 d6 5. Nf3 Nf6 6. Nc3 O-O 7. Bg2 Na6 8. O-O
Bf5 9. a3 Ne4 10. Nb5 Nf6 11. Nh4 Bg4 12. h3 Bd7 13. Nc3 Nc7 14. e4 Rb8 15. Re1
b5 16. cxb5 Nxb5 17. Nxb5 Bxb5 18. e5 dxe5 19. Rxe5 e6 20. Bg5 Qb6 21. dxe6
fxe6 22. Be3 Rfd8 23. Qc1 Nd5 24. Bxc5 Qa6 25. Re1 Bc4 26. Rb1 Ba2 27. Bf1 Qb7
28. b4 Bxb1 29. Qxb1 a5 30. Rxe6 axb4 31. axb4 Nc3 32. Qe1 Qd5 33. Re3 Qd1 34.
Bc4+ Kh8 35. Kg2 Qxe1 36. Rxe1 Bf8 37. Re5 Bxc5 38. bxc5 Rb2 39. c6 Rc8 40. Re6
Rb6 41. c7 Rxe6 42. Bxe6 Rxc7 43. Nf3 Kg7 44. g4 h6 45. h4 g5 46. hxg5 hxg5 47.
Nd4 Kf6 48. Bb3 Ke5 49. Ne6 Rb7 50. Nc5 Rb5 51. Nd7+ Kd6 52. Bc4 Rb4 53. Nb6
Rxb6 54. Bd3 Ke5 55. Kg3 Rb4 56. Bf5 Nd5 57. Kf3 Rb3+ 58. Ke2 Kf4 59. Be6 Rb2+
60. Kf1 Nc3 61. Kg2 Nd1 0-1

[Event "BCC Adolf Anderssen Friday Night Marath"]
[Site "Berkeley"]
[Date "2009.01.23"]
[Round "3.2"]
[White "Sowell, Nelson M"]
[Black "Watson, Farid Mark"]
[Result "1/2-1/2"]
[WhiteElo "1738"]
[BlackElo "1968"]
[PlyCount "110"]
[EventDate "2009.??.??"]
[SourceDate "2007.10.22"]

1. d4 g6 2. c4 Bg7 3. Nf3 d6 4. g3 Nf6 5. Bg2 O-O 6. O-O Nc6 7. Nc3 e5 8. Bg5
h6 9. Bxf6 Bxf6 10. dxe5 Nxe5 11. Nxe5 Bxe5 12. Qd2 Kh7 13. Rfd1 f5 14. f4 Bxc3
15. Qxc3 Qf6 16. Qxf6 Rxf6 17. Rd2 a5 18. Rc1 c5 19. Rcd1 Ra6 20. Rd3 Rb6 21.
R1d2 a4 22. Re3 Re6 23. Ra3 Rb4 24. Bd5 Re8 25. Rc3 Kg7 26. Kf2 Kf6 27. a3 Rb6
28. h4 Be6 29. Bf3 h5 30. Re3 Bf7 31. Rxe8 Bxe8 32. Bd5 Rb3 33. e3 Bd7 34. Bf3
Ke7 35. Bd1 Rb6 36. Bf3 Bc6 37. Be2 Be4 38. Bd1 Ra6 39. Ke1 Ra8 40. Be2 Ke6 41.
Bd1 d5 42. cxd5+ Bxd5 43. Bc2 b5 44. Re2 Be4 45. Bxe4 fxe4 46. Rd2 Rc8 47. Ke2
Rc6 48. Rd8 b4 49. Rb8 bxa3 50. bxa3 c4 51. Rb5 c3 52. Kd1 Rd6+ 53. Kc1 Rd2 54.
Rc5 Rd3 55. Kb1 Rxe3 1/2-1/2

[Event "Purdy FNM; 30/90, SD/30"]
[Site "Berkeley"]
[Date "2010.01.15"]
[Round "2.2"]
[White "Sowell, Nelson M"]
[Black "Watson, Farid Mark"]
[Result "1-0"]
[WhiteElo "1801"]
[BlackElo "1971"]
[PlyCount "72"]
[EventDate "2010.??.??"]
[SourceDate "2007.10.22"]

1. d4 g6 2. c4 Bg7 3. g3 d6 4. Bg2 c6 5. Nc3 Nf6 6. Nf3 O-O 7. O-O Qc7 8. Bg5
Nbd7 9. Rc1 Re8 10. Qc2 Rb8 11. Rfd1 a6 12. b4 h6 13. Bf4 e5 14. dxe5 dxe5 15.
Be3 Nf8 16. Bc5 Bf5 17. e4 Bg4 18. Bd6 Qc8 19. Bxb8 Qxb8 20. h3 Bxf3 21. Bxf3
Ne6 22. Ne2 Qc8 23. Bg2 c5 24. a3 Bf8 25. Qc3 Ng5 26. g4 Nfxe4 27. Qe3 Nf6 28.
b5 a5 29. Nc3 e4 30. Qf4 Bg7 31. b6 Ne6 32. Qd6 Nd4 33. Kf1 e3 34. fxe3 Rxe3
35. Qf4 Qe6 36. Nd5 Ne2 1-0

[Event "Berkeley CS Rubinstein FNM; 30/90, SD/3"]
[Site "Berkeley"]
[Date "2011.08.05"]
[Round "2.8"]
[White "Sowell, Nelson M"]
[Black "Xu, Young"]
[Result "1-0"]
[WhiteElo "1722"]
[BlackElo "1239"]
[PlyCount "59"]
[EventDate "2011.??.??"]
[SourceDate "2007.10.22"]

1. d4 d5 2. c4 c6 3. g3 Nf6 4. Bg2 Bg4 5. Nf3 Nbd7 6. O-O g6 7. Nbd2 Bg7 8. b3
O-O 9. Bb2 Ne4 10. Nxe4 dxe4 11. Ng5 Nf6 12. Qc2 Qd7 13. Nxe4 Nxe4 14. Qxe4 Bh3
15. Rad1 Bxg2 16. Kxg2 Rad8 17. e3 h5 18. Bc3 Qg4 19. Qxg4 hxg4 20. Rd3 c5 21.
d5 Bxc3 22. Rxc3 a6 23. Rd1 b5 24. cxb5 axb5 25. Rxc5 Rb8 26. Rd4 Rfd8 27. Rxg4
Kg7 28. Rb4 Ra8 29. a4 bxa4 30. Rxa4 {remainder illegible} 1-0

[Event "BCC Championship"]
[Site "Berkeley"]
[Date "2008.12.12"]
[Round "7.7"]
[White "Sowell, Nelson M"]
[Black "Yan, Jimmy"]
[Result "1-0"]
[WhiteElo "1738"]
[BlackElo "1181"]
[PlyCount "53"]
[EventDate "2008.??.??"]
[SourceDate "2007.10.22"]

1. d4 d5 2. c4 dxc4 3. Nf3 Nf6 4. g3 e6 5. Bg2 Nc6 6. O-O g6 7. Qa4 Bg7 8. Ne5
Bd7 9. Nxc6 bxc6 10. Bxc6 O-O 11. Bxd7 Nxd7 12. e3 Nb6 13. Qc2 Re8 14. Bd2 e5
15. dxe5 Bxe5 16. Ba5 Qe7 17. Bxb6 axb6 18. Na3 Bxb2 19. Qxb2 Rxa3 20. Rfc1 Ra4
21. Qb5 Rea8 22. Rxc4 Rxa2 23. Rxa2 Rxa2 24. Rd4 Qf6 25. Rf4 Qe6 26. Kg2 Ra5
27. Qd3 {remainder illegible} 1-0

[Event "Berkeley CC FNM; 30/90, SD/30"]
[Site "Berkeley"]
[Date "2009.05.01"]
[Round "1.5"]
[White "Sowell, Nelson M"]
[Black "Zhang, Jeffrey"]
[Result "1/2-1/2"]
[WhiteElo "1752"]
[BlackElo "1385"]
[PlyCount "58"]
[EventDate "2009.??.??"]
[SourceDate "2007.10.22"]

1. d4 e6 2. c4 d5 3. Nf3 Nf6 4. g3 Be7 5. Bg2 O-O 6. O-O Nbd7 7. Qc2 c6 8. Rd1
Re8 9. Nbd2 Bf8 10. Nf1 b6 11. Bg5 Bb7 12. Rac1 h6 13. Bf4 dxc4 14. Qxc4 Rc8
15. Qa4 a5 16. Bd2 c5 17. dxc5 Rxc5 18. Be3 Rxc1 19. Bxc1 Nc5 20. Rxd8 Nxa4 21.
Rxe8 Nxe8 22. Ne3 Nf6 23. Nc4 Ba6 24. Nfd2 Bb4 25. Bf1 Ne4 26. Nxe4 Bxc4 27. b3
Bd5 28. Nf6+ gxf6 29. bxa4 Kg7 1/2-1/2

[Event "Shorman Sunday Night Marathon"]
[Site "?"]
[Date "2008.01.27"]
[Round "6"]
[White "Starr, Albert"]
[Black "Gonda, Thomas"]
[Result "0-1"]
[WhiteElo "1557"]
[BlackElo "1390"]
[Annotator ",Elizabeth"]
[PlyCount "124"]
[EventDate "2008.??.??"]
[SourceDate "2007.10.22"]

1. b4 e6 2. Bb2 Nf6 3. b5 Bc5 4. e3 O-O 5. Nf3 d6 6. Be2 e5 7. O-O Be6 8. d3
Qd7 9. c4 a6 10. a4 axb5 11. axb5 Rxa1 12. Bxa1 c6 13. Nc3 d5 14. Qb3 Qc7 15.
Na4 Nbd7 16. Nxc5 Nxc5 17. Qb2 e4 18. dxe4 Ncxe4 19. Nd4 Qd6 20. Nxe6 Qxe6 21.
Qe5 Qxe5 22. Bxe5 dxc4 23. Bxc4 cxb5 24. Bxb5 Nd5 25. Rc1 Ra8 26. f3 Ng5 27. e4
Ne7 28. Rc7 Ng6 29. Bc3 Rb8 30. Bd7 b5 31. Rc8+ Rxc8 32. Bxc8 Ne6 33. Kf2 Ngf4
34. g3 Nd3+ 35. Ke3 Nec5 36. Kd4 Kf8 37. Bb4 Nxb4 38. Kxc5 Nc2 39. Bd7 b4 40.
Kc4 b3 41. Kc3 Ke7 42. Bg4 Ne3 43. Kxb3 Nf1 44. Bh3 Nxh2 45. f4 Nf3 46. Kc4 h5
47. Kd5 Ng1 48. Bf1 f6 49. e5 g5 50. e6 Nf3 51. Be2 gxf4 52. gxf4 Nh4 53. Bxh5
Ng2 54. f5 Nf4+ 55. Ke4 Nxh5 56. Kf3 Ng7 57. Kg4 Nxe6 {
(I hope I have this right, because fxe6 would seem to be the only move)} 58.
Kh5 Nc7 59. Kg4 Nd5 60. Kf3 Kd6 61. Ke4 Kc6 62. Kd4 Ne7 {
(black went on to win the endgame)} 0-1